Central Library and Information Centre
Sibsagar Girls' College, Sivasagar : Assam

PRANAY RAHASYA (Record no. 32206)

MARC details
000 -LEADER
fixed length control field 00330nam a22001337a 4500
005 - DATE AND TIME OF LATEST TRANSACTION
control field 20251122053425.0
008 - FIXED-LENGTH DATA ELEMENTS--GENERAL INFORMATION
fixed length control field 251122b |||||||| |||| 00| 0 eng d
040 ## - CATALOGING SOURCE
Original cataloging agency
Transcribing agency
100 ## - MAIN ENTRY--PERSONAL NAME
Personal name SARMAH HUMESHWAR
9 (RLIN) 1118
245 ## - TITLE STATEMENT
Title PRANAY RAHASYA
260 ## - PUBLICATION, DISTRIBUTION, ETC.
Place of publication, distribution, etc. GUWAHATI
Name of publisher, distributor, etc. BORUAH AGENCY
Date of publication, distribution, etc. 1998
300 ## - PHYSICAL DESCRIPTION
Extent 111:P
Dimensions 21CM
942 ## - ADDED ENTRY ELEMENTS (KOHA)
Source of classification or shelving scheme Dewey Decimal Classification
Koha item type Books
Holdings
Withdrawn status Lost status Source of classification or shelving scheme Damaged status Not for loan Collection code Home library Current library Shelving location Date acquired Total Checkouts Barcode Date last seen Price effective from Koha item type Public note
    Dewey Decimal Classification     TBASM Central Library and Information Centre Sibsagar Girls College Central Library and Information Centre Sibsagar Girls College BBLMC 18.02.2022   46439 22.11.2025 22.11.2025 Books V


Sibsagar Girl's College © 2020. All rights reserved.
Powered by Koha.
Maintained by Abhijit Borpuzari.